000 00720nam a22002537a 4500
008 131202b xxu||||| |||| 00| 0 eng d
020 _a81-239-0004-X
024 _cAvailable
037 _cAvailable
040 _aMBSTU LIBRARY
_dMBSTU LIBRARY
082 _222
_a611 CHH
100 _aChaurasiws, B.D.
245 _aHuman anatomy.
250 _a3rd
260 _aNew Delhi
_bCBS Publishers and Distributors.
_c2002
300 _a24 cm.
_b252 page
_f6
_g24 cm.
600 _2Human anatomy.
650 _2Human anatomy.
700 _aChaurasiws, B.D.
270 _aNew Delhi
_bNew Delhi
_dIndia
365 _b3239.00
_d3239.00
942 _2ddc
_cBK
999 _c915
_d915